000
00279nam a22001337a 4500
003
SGT
082
_a
617.3
_b
O17E
100
_a
EBNEZAR, JOHN
245
_a
TB. OF ORTHOPEDICS
260
_a
INDIA
_b
JAYPEE
_c
2017
300
_a
940
650
_a
ORTHOPEDIC
942
_2
ddc
_c
BK
_0
15
999
_c
14593
_d
14593